00331nam a2200121Ia 4500008004100000040001500041041001200056082001600068100001700084245006300101260002900164300001600193230917s9999||||xx |||||||||||||| ||und|| e1016aMAIN aEnglish a589.2 B934M aBurnett, J H 0aMycogenetics: An introduction to general genetics of fungi aLondonbJohn Wileyc1975 axiv, 375 p.